<?xml version="1.0" encoding="UTF-8"?>
<record
    xmlns:xsi="http://www.w3.org/2001/XMLSchema-instance"
    xsi:schemaLocation="http://www.loc.gov/MARC21/slim http://www.loc.gov/standards/marcxml/schema/MARC21slim.xsd"
    xmlns="http://www.loc.gov/MARC21/slim">

  <leader>02026cam a22004215a 4500</leader>
  <controlfield tag="003">EG-ScBUE</controlfield>
  <controlfield tag="005">20220626125755.0</controlfield>
  <controlfield tag="006">m||||fq||h  00| 0</controlfield>
  <controlfield tag="008">080806s2005    nyu    f      000 0 eng d</controlfield>
  <datafield tag="020" ind1=" " ind2=" ">
    <subfield code="a">0194302156 (Student book 2 with CD- Rom)</subfield>
  </datafield>
  <datafield tag="020" ind1=" " ind2=" ">
    <subfield code="a">9780194302159</subfield>
  </datafield>
  <datafield tag="040" ind1=" " ind2=" ">
    <subfield code="a">EG-ScBUE</subfield>
    <subfield code="b">eng</subfield>
    <subfield code="e">rda</subfield>
    <subfield code="c">EG-ScBUE</subfield>
    <subfield code="d">EG-ScBUE </subfield>
  </datafield>
  <datafield tag="082" ind1="0" ind2="4">
    <subfield code="a">428.34</subfield>
    <subfield code="b">RIC</subfield>
    <subfield code="2">22</subfield>
  </datafield>
  <datafield tag="100" ind1="1" ind2=" ">
    <subfield code="a">Richards, Jack C,&#x200F;     </subfield>
    <subfield code="d">1943-</subfield>
    <subfield code="e">author.</subfield>
  </datafield>
  <datafield tag="245" ind1="1" ind2="0">
    <subfield code="a">Person to person :</subfield>
    <subfield code="b">communicative speaking and listening skills.</subfield>
    <subfield code="n">2,</subfield>
    <subfield code="p">Student book /</subfield>
    <subfield code="c">Jack C. Richards, David Bycina, Ingrid Wisniewska.</subfield>
  </datafield>
  <datafield tag="246" ind1="3" ind2="0">
    <subfield code="a">Student book</subfield>
  </datafield>
  <datafield tag="250" ind1=" " ind2=" ">
    <subfield code="a">Third edition.</subfield>
  </datafield>
  <datafield tag="264" ind1=" " ind2="1">
    <subfield code="a">New York ;</subfield>
    <subfield code="a">Oxford :</subfield>
    <subfield code="b">Oxford University Press,</subfield>
    <subfield code="c">2005.</subfield>
  </datafield>
  <datafield tag="300" ind1=" " ind2=" ">
    <subfield code="a">v, 124 pages :</subfield>
    <subfield code="b">illustrations (some color) ;</subfield>
    <subfield code="c">28 cm +</subfield>
    <subfield code="e">1 CD</subfield>
  </datafield>
  <datafield tag="336" ind1=" " ind2=" ">
    <subfield code="2">rdacontent</subfield>
    <subfield code="a">text</subfield>
    <subfield code="b">txt</subfield>
  </datafield>
  <datafield tag="336" ind1=" " ind2=" ">
    <subfield code="2">rdacontent</subfield>
    <subfield code="a">spoken word</subfield>
    <subfield code="b">spw</subfield>
  </datafield>
  <datafield tag="337" ind1=" " ind2=" ">
    <subfield code="2">rdamedia</subfield>
    <subfield code="a">unmediated</subfield>
    <subfield code="b">n</subfield>
  </datafield>
  <datafield tag="337" ind1=" " ind2=" ">
    <subfield code="2">rdamedia</subfield>
    <subfield code="a">audio</subfield>
    <subfield code="b">s</subfield>
  </datafield>
  <datafield tag="338" ind1=" " ind2=" ">
    <subfield code="2">rdacarrier</subfield>
    <subfield code="a">volume</subfield>
    <subfield code="b">nc</subfield>
  </datafield>
  <datafield tag="338" ind1=" " ind2=" ">
    <subfield code="2">rdacarrier</subfield>
    <subfield code="a">rdamedia</subfield>
    <subfield code="b">cd</subfield>
  </datafield>
  <datafield tag="500" ind1=" " ind2=" ">
    <subfield code="a">Distributer: Bacca</subfield>
  </datafield>
  <datafield tag="505" ind1="0" ind2=" ">
    <subfield code="a">Student book 2</subfield>
  </datafield>
  <datafield tag="520" ind1=" " ind2=" ">
    <subfield code="a">"Now your students can benefit from Jack C. Richards' successful approach with Person to Person Third Edition. Each unit is centered around dialogues, pair-work speaking practice, and audio material that presents English as it is really spoken." "It means that by the end of the course your students will be communicating more fluently in English, so they can...: Give opinions, Make requests, Complain politely, Get by abroad, Talk freely, Make friends. Book jacket."</subfield>
  </datafield>
  <datafield tag="590" ind1=" " ind2=" ">
    <subfield code="a">basantemad</subfield>
  </datafield>
  <datafield tag="650" ind1=" " ind2="7">
    <subfield code="a">English language</subfield>
    <subfield code="v">Textbooks for foreign speakers.</subfield>
    <subfield code="2">BUEsh</subfield>
  </datafield>
  <datafield tag="650" ind1=" " ind2="7">
    <subfield code="a">English language</subfield>
    <subfield code="x">Spoken English</subfield>
    <subfield code="v">Problems, exercises, etc.</subfield>
    <subfield code="2">BUEsh</subfield>
  </datafield>
  <datafield tag="650" ind1=" " ind2="7">
    <subfield code="a">Oral communication</subfield>
    <subfield code="v">Problems, exercises, etc.</subfield>
    <subfield code="2">BUEsh</subfield>
    <subfield code="9">10348</subfield>
  </datafield>
  <datafield tag="653" ind1=" " ind2=" ">
    <subfield code="c">August2015</subfield>
    <subfield code="b">HHUUEENN</subfield>
  </datafield>
  <datafield tag="655" ind1=" " ind2=" ">
    <subfield code="v">Reading book</subfield>
    <subfield code="9">34232</subfield>
  </datafield>
  <datafield tag="700" ind1="1" ind2=" ">
    <subfield code="a">Bycina, David,</subfield>
    <subfield code="e">author.</subfield>
  </datafield>
  <datafield tag="700" ind1="1" ind2=" ">
    <subfield code="a">Wisniewska, Ingrid,</subfield>
    <subfield code="e">author.</subfield>
    <subfield code="9">35968</subfield>
  </datafield>
  <datafield tag="942" ind1=" " ind2=" ">
    <subfield code="c">BB</subfield>
    <subfield code="k">428.34RIC</subfield>
    <subfield code="2">ddc</subfield>
  </datafield>
  <datafield tag="999" ind1=" " ind2=" ">
    <subfield code="c">9174</subfield>
    <subfield code="d">9174</subfield>
  </datafield>
  <datafield tag="952" ind1=" " ind2=" ">
    <subfield code="0">0</subfield>
    <subfield code="1">0</subfield>
    <subfield code="2">ddc</subfield>
    <subfield code="4">0</subfield>
    <subfield code="7">0</subfield>
    <subfield code="a">MAIN</subfield>
    <subfield code="b">MAIN</subfield>
    <subfield code="c">2ND</subfield>
    <subfield code="d">2008-04-17</subfield>
    <subfield code="e">Purchase</subfield>
    <subfield code="l">5</subfield>
    <subfield code="o">428.34 RIC</subfield>
    <subfield code="p">000011129</subfield>
    <subfield code="r">2025-07-15 00:00:00</subfield>
    <subfield code="s">2012-01-23</subfield>
    <subfield code="y">BB</subfield>
  </datafield>
  <datafield tag="952" ind1=" " ind2=" ">
    <subfield code="0">0</subfield>
    <subfield code="1">0</subfield>
    <subfield code="2">ddc</subfield>
    <subfield code="4">0</subfield>
    <subfield code="7">0</subfield>
    <subfield code="8"> </subfield>
    <subfield code="a">MAIN</subfield>
    <subfield code="b">MAIN</subfield>
    <subfield code="c">2ND</subfield>
    <subfield code="d">2010-04-28</subfield>
    <subfield code="e">purchase</subfield>
    <subfield code="l">0</subfield>
    <subfield code="o">428.34 RIC</subfield>
    <subfield code="p">000011128</subfield>
    <subfield code="r">2022-08-24 00:00:00</subfield>
    <subfield code="w">2010-04-28</subfield>
    <subfield code="y">CDVDN</subfield>
  </datafield>
  <datafield tag="952" ind1=" " ind2=" ">
    <subfield code="0">0</subfield>
    <subfield code="1">0</subfield>
    <subfield code="2">ddc</subfield>
    <subfield code="4">0</subfield>
    <subfield code="7">0</subfield>
    <subfield code="8"> </subfield>
    <subfield code="a">MAIN</subfield>
    <subfield code="b">MAIN</subfield>
    <subfield code="c">2ND</subfield>
    <subfield code="d">2010-04-28</subfield>
    <subfield code="e">purchase</subfield>
    <subfield code="l">1</subfield>
    <subfield code="o">428.34 RIC</subfield>
    <subfield code="p">000011127</subfield>
    <subfield code="r">2022-08-24 00:00:00</subfield>
    <subfield code="s">2010-09-22</subfield>
    <subfield code="w">2010-04-28</subfield>
    <subfield code="y">CDVDN</subfield>
  </datafield>
  <datafield tag="952" ind1=" " ind2=" ">
    <subfield code="0">0</subfield>
    <subfield code="1">0</subfield>
    <subfield code="2">ddc</subfield>
    <subfield code="4">0</subfield>
    <subfield code="7">0</subfield>
    <subfield code="8"> </subfield>
    <subfield code="a">MAIN</subfield>
    <subfield code="b">MAIN</subfield>
    <subfield code="c">2ND</subfield>
    <subfield code="d">2010-04-29</subfield>
    <subfield code="e">purchase</subfield>
    <subfield code="l">1</subfield>
    <subfield code="o">428.34 RIC</subfield>
    <subfield code="p">000013494</subfield>
    <subfield code="r">2022-08-24 00:00:00</subfield>
    <subfield code="s">2012-01-23</subfield>
    <subfield code="w">2010-04-29</subfield>
    <subfield code="y">CDVDN</subfield>
  </datafield>
</record>
